[Event "BL 1920 BCA Augsburg - Schachfreunde De"]
[Site "?"]
[Date "2021.10.15"]
[Round "12.7"]
[White "Lagarde, Maxime"]
[Black "Arnaudov, G. Petar"]
[Result "1-0"]
[WhiteElo "2640"]
[BlackElo "2455"]
[PlyCount "121"]
[EventDate "2021.??.??"]

1. c4 e5 2. Nc3 Bb4 3. Nd5 Be7 4. d4 d6 5. e4 Nf6 6. Nxe7 Qxe7 7. f3 a5 8. Ne2
O-O 9. Bg5 h6 10. Bh4 Re8 11. Nc3 c6 12. d5 Nbd7 13. g4 Nf8 14. Bf2 cxd5 15.
cxd5 Bd7 16. a4 Rec8 17. Ra3 Be8 18. Rb3 Rc7 19. Bb6 Rcc8 20. Be3 Rc7 21. g5
Nh5 22. gxh6 g6 23. Qd2 Nd7 24. Bg5 f6 25. Be3 Nc5 26. Ra3 Kh7 27. Rg1 b6 28.
h4 f5 29. Rg5 f4 30. Bf2 Kxh6 31. Nb5 Rcc8 32. Qd1 Nf6 33. Rc3 Bd7 34. Qc2 Nh7
35. Rg1 Nf6 36. b3 Ne8 37. Rg5 Nc7 38. Na3 Rcb8 39. Bg1 Qf6 40. Qb2 Bxa4 41.
bxa4 Nxa4 42. Qc2 Nxc3 43. Qxc3 Rc8 44. Nc4 b5 45. Nb6 Nxd5 46. Nxd5 Rxc3 47.
Nxf6 Rc1+ 48. Ke2 a4 49. Bh3 Kg7 50. Nd5 Kf7 51. h5 gxh5 52. Nxf4 exf4 53. Bd4
Rg8 54. Rxb5 h4 55. Rb7+ Kg6 56. Be6 Rcc8 57. Bf5+ Kg5 58. Rf7 Rh8 59. Bxc8
Rxc8 60. Rf5+ Kg6 61. Rxf4 1-0

[Event "BL 1920 BCA Augsburg - Schachfreunde De"]
[Site "?"]
[Date "2021.10.15"]
[Round "12.8"]
[White "Rupprecht, Andreas"]
[Black "Dautov, Rustem"]
[Result "1/2-1/2"]
[WhiteElo "2390"]
[BlackElo "2595"]
[PlyCount "55"]
[EventDate "2021.??.??"]

1. e4 c6 2. c4 d5 3. exd5 cxd5 4. cxd5 Nf6 5. Nc3 Nxd5 6. Bc4 Nb6 7. Bb3 Nc6 8.
Nf3 g6 9. a4 a5 10. d4 Bg7 11. d5 Nb4 12. O-O O-O 13. Re1 Bg4 14. h3 Bxf3 15.
Qxf3 Nc8 16. Bg5 Ra6 17. Rad1 h6 18. Bh4 Bf6 19. d6 Rxd6 20. Bxf6 exf6 21. Qxb7
f5 22. Rxd6 Nxd6 23. Qa7 Qb8 24. Qd4 Nc6 25. Qd5 Nb4 26. Qd4 Nc6 27. Qd5 Nb4
28. Qd2 1/2-1/2

[Event "BL 1920 FC Bayern München - OSG Baden-"]
[Site "?"]
[Date "2021.10.15"]
[Round "12.1"]
[White "Wojtaszek, Radoslaw"]
[Black "Huschenbeth, Niclas"]
[Result "1/2-1/2"]
[WhiteElo "2691"]
[BlackElo "2608"]
[PlyCount "45"]
[EventDate "2021.??.??"]

1. d4 Nf6 2. c4 e6 3. Nc3 Bb4 4. e3 O-O 5. Bd3 d5 6. Nf3 dxc4 7. Bxc4 c5 8. a3
Bxc3+ 9. bxc3 Qc7 10. Be2 b6 11. Bb2 Bb7 12. c4 Nbd7 13. Rc1 Rac8 14. O-O Rfd8
15. h3 Nf8 16. Qb3 Ng6 17. Rfd1 cxd4 18. exd4 Qf4 19. Qe3 Qf5 20. Ne1 Nf4 21.
Bf1 h6 22. a4 Rd7 23. Nd3 1/2-1/2

[Event "BL 1920 FC Bayern München - OSG Baden-"]
[Site "?"]
[Date "2021.10.15"]
[Round "12.2"]
[White "Bogner, Sebastian"]
[Black "Rapport, Richard"]
[Result "1/2-1/2"]
[WhiteElo "2572"]
[BlackElo "2770"]
[PlyCount "40"]
[EventDate "2021.??.??"]

1. e4 e6 2. d4 d5 3. Nc3 Bb4 4. e5 c5 5. a3 Bxc3+ 6. bxc3 Nc6 7. Nf3 Bd7 8. Bd3
Qa5 9. Bd2 c4 10. Be2 Nge7 11. O-O Nc8 12. Nh4 Nb6 13. f4 Na4 14. Qe1 g6 15. g4
O-O-O 16. f5 a6 17. fxg6 fxg6 18. Rf6 g5 19. Nf3 Rdg8 20. Rh6 Qd8 1/2-1/2

[Event "BL 1920 FC Bayern München - OSG Baden-"]
[Site "?"]
[Date "2021.10.15"]
[Round "12.3"]
[White "Adams, Michael"]
[Black "Santos Ruiz, Miguel"]
[Result "1/2-1/2"]
[WhiteElo "2716"]
[BlackElo "2596"]
[PlyCount "41"]
[EventDate "2021.??.??"]

1. e4 e5 2. Nf3 Nc6 3. Bb5 Nf6 4. O-O Nxe4 5. Re1 Nd6 6. Nxe5 Be7 7. Bf1 Nxe5
8. Rxe5 O-O 9. d4 Bf6 10. Re1 Re8 11. Bf4 Rxe1 12. Qxe1 Ne8 13. Bd3 d5 14. Be5
g6 15. Bxf6 Nxf6 16. Qe5 Be6 17. Nd2 Ne8 18. c3 Qd6 19. Re1 Qxe5 20. Rxe5 Nd6
21. f3 1/2-1/2

[Event "BL 1920 FC Bayern München - OSG Baden-"]
[Site "?"]
[Date "2021.10.15"]
[Round "12.4"]
[White "Dragnev, Valentin"]
[Black "Bacrot, Etienne"]
[Result "1/2-1/2"]
[WhiteElo "2543"]
[BlackElo "2658"]
[PlyCount "68"]
[EventDate "2021.??.??"]

1. e4 e5 2. Nf3 Nc6 3. Bb5 Nf6 4. O-O Nxe4 5. Re1 Nd6 6. Nxe5 Be7 7. Bf1 Nxe5
8. Rxe5 O-O 9. d4 Bf6 10. Re1 Re8 11. c3 Rxe1 12. Qxe1 Ne8 13. Bf4 d5 14. Nd2
Bf5 15. Qe3 Nd6 16. Be5 Ne4 17. Nxe4 Bxe4 18. Bxf6 Qxf6 19. Re1 Qd6 20. Bd3
Bxd3 21. Qxd3 Qd7 22. Qe2 Kf8 23. Kf1 Re8 24. Qxe8+ Qxe8 25. Rxe8+ Kxe8 26. Ke2
Ke7 27. Ke3 Ke6 28. Kf4 a5 29. a4 c6 30. b4 b6 31. bxa5 bxa5 32. g4 f6 33. h4
g6 34. h5 g5+ 1/2-1/2

[Event "BL 1920 FC Bayern München - OSG Baden-"]
[Site "?"]
[Date "2021.10.15"]
[Round "12.5"]
[White "Kasimdzhanov, Rustam"]
[Black "Johansson, Linus"]
[Result "1-0"]
[WhiteElo "2661"]
[BlackElo "2476"]
[PlyCount "43"]
[EventDate "2021.??.??"]

1. e4 e6 2. d4 d5 3. e5 c5 4. c3 Qb6 5. Nf3 Nc6 6. Be2 cxd4 7. cxd4 Nh6 8. Bxh6
Qxb2 9. Nbd2 gxh6 10. O-O Bd7 11. Nb3 Rc8 12. Ne1 Nb4 13. Bh5 Rg8 14. f4 Rg7
15. Rf2 Qa3 16. Rf3 Qa4 17. Qd2 Rc4 18. Kh1 Nc6 19. f5 Nxd4 20. Nxd4 Rxd4 21.
Qxh6 Rxg2 22. Bxf7+ 1-0

[Event "BL 1920 FC Bayern München - OSG Baden-"]
[Site "?"]
[Date "2021.10.15"]
[Round "12.6"]
[White "Lokander, Martin"]
[Black "Movsesian, Sergei"]
[Result "1-0"]
[WhiteElo "2462"]
[BlackElo "2627"]
[PlyCount "127"]
[EventDate "2021.??.??"]

1. d4 Nf6 2. c4 e6 3. Nc3 Bb4 4. Qc2 d6 5. Nf3 Nbd7 6. g3 b6 7. Bg2 Bb7 8. O-O
Bxc3 9. Qxc3 a5 10. b3 O-O 11. Bb2 h6 12. Rfe1 Be4 13. Bh3 Bh7 14. Bg2 Ne4 15.
Qe3 f5 16. Nd2 Ndf6 17. f3 Nxd2 18. Qxe6+ Kh8 19. Qe3 Nxc4 20. bxc4 d5 21. cxd5
Nxd5 22. Qd2 f4 23. gxf4 Nxf4 24. e3 Nxg2 25. Qxg2 b5 26. d5 Qe7 27. e4 Ra6 28.
Kh1 Rg6 29. Qe2 Qh4 30. Rg1 Qh3 31. Raf1 Rf7 32. Rxg6 Bxg6 33. Qg2 Qxg2+ 34.
Kxg2 Kg8 35. Be5 Bh5 36. f4 g5 37. Rc1 gxf4 38. Bxc7 Re7 39. e5 Rg7+ 40. Kf2 f3
41. e6 Rg2+ 42. Ke3 Bg4 43. Be5 Re2+ 44. Kf4 f2 45. Bd4 Bh3 46. Rc8+ Kh7 47.
Rh8+ Kg6 48. Rg8+ Kh5 49. Bxf2 Rxf2+ 50. Ke5 Re2+ 51. Kd6 Bf5 52. e7 Bg6 53.
Kd7 b4 54. d6 a4 55. Rb8 Rxa2 56. Rb5+ Kg4 57. Rxb4+ Kf5 58. Kd8 Rd2 59. d7 a3
60. Rb5+ Kf4 61. Ra5 a2 62. Kc7 Rc2+ 63. Kb8 Rb2+ 64. Ka7 1-0

[Event "BL 1920 FC Bayern München - OSG Baden-"]
[Site "?"]
[Date "2021.10.15"]
[Round "12.7"]
[White "Gozzoli, Yannick"]
[Black "Lindgren, Philip"]
[Result "1/2-1/2"]
[WhiteElo "2602"]
[BlackElo "2353"]
[PlyCount "160"]
[EventDate "2021.??.??"]

1. d4 Nf6 2. c4 e6 3. Nf3 d5 4. Nc3 Nbd7 5. Bg5 h6 6. Bh4 Be7 7. e3 O-O 8. Qc2
c5 9. Rd1 Qa5 10. Nd2 cxd4 11. exd4 dxc4 12. Nxc4 Qd8 13. Be2 Nd5 14. Nxd5 exd5
15. Bxe7 Qxe7 16. Ne3 Nf6 17. O-O Be6 18. Bf3 Rac8 19. Qb3 Qd7 20. Rfe1 Rc6 21.
Be2 Rc7 22. Qa3 a6 23. Bd3 Rd8 24. f3 Re8 25. Bc2 Qc8 26. Qd3 Rce7 27. Bb3 Qd8
28. Qd2 Qd6 29. Nf1 Bd7 30. Rxe7 Rxe7 31. Ng3 Re8 32. Ne2 Qe7 33. Nf4 Bc6 34.
Nd3 Nd7 35. Re1 Qf8 36. Nb4 Rxe1+ 37. Qxe1 Nf6 38. a3 Qd6 39. Qg3 Qd8 40. Qe1
Qb6 41. Qc3 Qb5 42. Kf2 a5 43. Nxc6 bxc6 44. Bc2 Kf8 45. Qc5+ Qxc5 46. dxc5 Ke7
47. Ke3 Nd7 48. b4 axb4 49. axb4 Nf8 50. f4 Ne6 51. Ba4 Kd7 52. f5 Nc7 53. Kd4
g6 54. fxg6 fxg6 55. Bc2 g5 56. Bf5+ Ke7 57. Bd3 Kf6 58. g3 Ne6+ 59. Kc3 Ke5
60. Bc2 Nd4 61. Bg6 Ne2+ 62. Kd3 Nc1+ 63. Kc3 Na2+ 64. Kb3 Nc1+ 65. Kb2 Ne2 66.
Bd3 Nd4 67. h3 h5 68. h4 gxh4 69. gxh4 Nf3 70. Be2 Nxh4 71. Bxh5 Nf5 72. Kc3
Ne7 73. Kd3 Ke6 74. Be8 Ke5 75. Bd7 d4 76. Be8 Nd5 77. Kc4 Ne3+ 78. Kd3 Nd5 79.
Kc4 Ne3+ 80. Kd3 Nd5 {Ke4+} 1/2-1/2

[Event "BL 1920 FC Bayern München - OSG Baden-"]
[Site "?"]
[Date "2021.10.15"]
[Round "12.8"]
[White "Rafiee, Makan"]
[Black "Milov, Vadim"]
[Result "1-0"]
[WhiteElo "2324"]
[BlackElo "2607"]
[PlyCount "109"]
[EventDate "2021.??.??"]

1. e4 c5 2. Nf3 e6 3. d4 cxd4 4. Nxd4 a6 5. c4 Nf6 6. Nc3 Qc7 7. a3 b6 8. Be3
Bb7 9. f3 Nc6 10. Rc1 Bc5 11. b4 Nxd4 12. Bxd4 Bd6 13. g3 Be5 14. Na4 Bxd4 15.
Qxd4 b5 16. Qc5 Rc8 17. cxb5 Qb8 18. Qe3 Rxc1+ 19. Qxc1 axb5 20. Bxb5 O-O 21.
Be2 d5 22. exd5 Bxd5 23. Qe3 Bc6 24. Nc3 Qa8 25. b5 Bb7 26. a4 Ng4 27. Qf4 h5
28. O-O Qa7+ 29. Kh1 Rc8 30. Ne4 e5 31. Qd2 Bxe4 32. fxe4 Nf2+ 33. Kg2 Nxe4 34.
Qd5 Nf6 35. Qb3 Qb7+ 36. Bf3 e4 37. Be2 Nd5 38. Bxh5 g6 39. Rd1 Rc2+ 40. Kh3
Rc5 41. Be2 Qd7+ 42. Kg2 Qe6 43. Rxd5 Rxd5 44. b6 Qe5 45. b7 Rd8 46. a5 Kg7 47.
a6 e3 48. Qc4 Rd2 49. a7 Qb2 50. b8=Q Rxe2+ 51. Kf3 Rf2+ 52. Ke4 f5+ 53. Kd5
Rd2+ 54. Kc5 Qa3+ 55. Kc6 1-0

[Event "BL 1920 SC Viernheim - Aachener SV"]
[Site "?"]
[Date "2021.10.16"]
[Round "13.1"]
[White "Seel, Christian"]
[Black "Maze, Sebastien"]
[Result "1/2-1/2"]
[WhiteElo "2482"]
[BlackElo "2553"]
[PlyCount "51"]
[EventDate "2021.??.??"]

1. Nf3 c5 2. c4 Nc6 3. Nc3 Nf6 4. g3 e6 5. Bg2 d5 6. cxd5 exd5 7. d4 cxd4 8.
Nxd4 Bc5 9. Nb3 Bb6 10. O-O d4 11. Na4 O-O 12. Bg5 Re8 13. Nxb6 axb6 14. Bxc6
bxc6 15. Bxf6 Qxf6 16. Qxd4 Rxe2 17. Rfe1 Qxd4 18. Nxd4 Rxe1+ 19. Rxe1 Bd7 20.
a3 Kf8 21. f4 c5 22. Nf3 Bb5 23. Kf2 Rd8 24. Re3 Rd6 25. Rc3 f6 26. b4 1/2-1/2

[Event "BL 1920 SC Viernheim - Aachener SV"]
[Site "?"]
[Date "2021.10.16"]
[Round "13.2"]
[White "Abergel, Thal"]
[Black "Koch, Thomas"]
[Result "0-1"]
[WhiteElo "2392"]
[BlackElo "2450"]
[PlyCount "96"]
[EventDate "2021.??.??"]

1. e4 c5 2. Nc3 Nc6 3. Bb5 g6 4. Bxc6 dxc6 5. d3 Nf6 6. f4 Bg7 7. Nf3 O-O 8.
O-O Ne8 9. Qe1 Nd6 10. Qh4 f5 11. e5 Nb5 12. Nxb5 cxb5 13. Be3 b6 14. d4 cxd4
15. Nxd4 Bb7 16. Qf2 Qd7 17. Rfd1 Rfd8 18. Rd2 Bd5 19. Rad1 e6 20. b3 b4 21. a3
Bf8 22. axb4 Bxb4 23. Rd3 Qe8 24. c3 Bf8 25. R3d2 b5 26. b4 Rdc8 27. Ne2 a5 28.
bxa5 Rxa5 29. Bd4 Qc6 30. h4 Be7 31. Be3 Rca8 32. h5 Ra1 33. Rxa1 Rxa1+ 34. Kh2
Qc4 35. Nd4 gxh5 36. Rb2 Rf1 37. Qg3+ Kf7 38. Qh3 h4 39. Nxf5 Qxc3 40. Qg4 exf5
41. Qxf5+ Ke8 42. Qh5+ Bf7 43. Qe2 Qc4 44. Qd2 Be6 45. Qa5 b4 46. Qa8+ Kf7 47.
Qh8 Qe4 48. Rxb4 Qg6 0-1

[Event "BL 1920 SC Viernheim - Aachener SV"]
[Site "?"]
[Date "2021.10.16"]
[Round "13.3"]
[White "Vandenbussche, Thibaut"]
[Black "Zaragatski, Ilja"]
[Result "1/2-1/2"]
[WhiteElo "2413"]
[BlackElo "2522"]
[PlyCount "74"]
[EventDate "2021.??.??"]

1. e4 d5 2. exd5 Qxd5 3. Nc3 Qa5 4. d4 Nf6 5. Bd2 Bg4 6. f3 Bd7 7. Bc4 Qb6 8.
Nge2 e6 9. a4 a5 10. O-O Be7 11. Be3 O-O 12. Bf2 Na6 13. d5 Bc5 14. dxe6 Bxe6
15. Bxe6 Qxe6 16. Bxc5 Nxc5 17. Qd4 Qc6 18. Rad1 Ne6 19. Qf2 Rfe8 20. Nd4 Nxd4
21. Rxd4 Re5 22. Rfd1 Rae8 23. Rd8 h5 24. h4 Kh7 25. Kh2 Rf5 26. Qd4 Rxd8 27.
Qxd8 Qb6 28. Qd4 Qxb2 29. Qd3 g6 30. Rb1 Qa3 31. Rxb7 Qe7 32. Rb5 Rf4 33. g3
Ng4+ 34. Kg2 Ne3+ 35. Kf2 Ng4+ 36. Kg2 Ne3+ 37. Kf2 Ng4+ 1/2-1/2

[Event "BL 1920 SC Viernheim - Aachener SV"]
[Site "?"]
[Date "2021.10.16"]
[Round "13.4"]
[White "Beikert, Guenther"]
[Black "Piceu, Tom"]
[Result "0-1"]
[WhiteElo "2396"]
[BlackElo "2345"]
[PlyCount "150"]
[EventDate "2021.??.??"]

1. e4 c5 2. Nf3 d6 3. d4 cxd4 4. Nxd4 Nf6 5. Nc3 a6 6. Be2 e5 7. Nb3 Be7 8. O-O
O-O 9. Bf3 Nbd7 10. Re1 b5 11. a3 Bb7 12. Nd2 Rc8 13. Nf1 Nb6 14. Qd3 Qc7 15.
Ne3 Rfe8 16. Nf5 Bf8 17. Bg5 Nfd7 18. Bg4 Nc5 19. Qg3 Ne6 20. Be3 Kh8 21. Rad1
Rcd8 22. h4 Nc4 23. Bc1 Nf4 24. b3 Nb6 25. Bb2 d5 26. exd5 Nbxd5 27. Nxd5 Bxd5
28. Ne3 Bb7 29. h5 h6 30. Rxd8 Rxd8 31. Bf3 f6 32. Bxb7 Qxb7 33. Qg4 Bc5 34.
Bc1 Qf7 35. g3 Nxh5 36. Nf5 Kh7 37. Rd1 Rxd1+ 38. Qxd1 Nf4 39. Bxf4 exf4 40. b4
Ba7 41. g4 Qe6 42. Qf3 Qe1+ 43. Kg2 Qd2 44. Qd3 Qxd3 45. cxd3 g6 46. Ne7 g5 47.
Nd5 Kg6 48. Nc7 Bd4 49. Nxa6 Bb2 50. Nc7 Bxa3 51. Nxb5 Bxb4 52. Nd4 Bc5 53. Nf5
h5 54. f3 h4 55. d4 Bf8 56. d5 Kf7 57. Nd4 Bc5 58. Nb5 Ke7 59. Kh3 Kd7 60. Kg2
Kc8 61. Nc3 Kc7 62. Nb5+ Kb6 63. Nc3 Be7 64. Ne4 Kb5 65. Kf1 Kc4 66. d6 Bd8 67.
Ke2 Kd5 68. Kd3 Ke6 69. Kc4 h3 70. Kc5 h2 71. Nf2 Kd7 72. Nh1 Ba5 73. Kb5 Bd2
74. Kc5 Be3+ 75. Kd5 Bg1 0-1

[Event "BL 1920 SC Viernheim - Aachener SV"]
[Site "?"]
[Date "2021.10.16"]
[Round "13.5"]
[White "Klein, Felix"]
[Black "Meinhardt, Maximilian"]
[Result "0-1"]
[WhiteElo "2309"]
[BlackElo "2370"]
[PlyCount "170"]
[EventDate "2021.??.??"]

1. e4 e6 2. d4 d5 3. Nc3 Nc6 4. e5 a6 5. Nf3 f6 6. g3 Bd7 7. h4 Qe7 8. Ne2 Nh6
9. Bh3 Nf7 10. Bf4 fxe5 11. dxe5 Qb4+ 12. Kf1 Qxb2 13. Rb1 Qxa2 14. Rxb7 Rc8
15. Kg2 Bc5 16. Rb3 O-O 17. Re1 Rcd8 18. Qd3 Qa4 19. Nc3 Qc4 20. Nxd5 Ncxe5 21.
Qxc4 Nxc4 22. Nxc7 e5 23. Bc1 Bxh3+ 24. Kxh3 Bxf2 25. Rf1 Rd7 26. Ne6 Re8 27.
Nxg7 Kxg7 28. Rxf2 e4 29. Ng5 e3 30. Re2 Nxg5+ 31. hxg5 Kg6 32. Rc3 Rd4 33. Kg2
Kxg5 34. Rcxe3 Nxe3+ 35. Rxe3 Red8 36. Re6+ Kf5 37. Rxa6 Rc4 38. Kh3 Rd1 39.
Ra5+ Kg6 40. Ra6+ Kf5 41. Ra5+ Ke4 42. Bf4 h5 43. Ra2 Kf3 44. Ra3+ Kf2 45. Kh4
Rh1+ 46. Kg5 Rc5+ 47. Kg6 Rxc2 48. Bg5 Rc6+ 49. Kf5 Rc5+ 50. Kg6 Kg2 51. Bh4
Rb1 52. Ra6 Rb4 53. Kh6 Rg4 54. Rb6 Kh3 55. Ra6 Rgc4 56. Rb6 Rd5 57. Ra6 Rb5
58. Rd6 Rc8 59. Ra6 Rh8+ 60. Kg7 Rbb8 61. Ra5 Rbg8+ 62. Kf7 Rg4 63. Rb5 Rh6 64.
Ra5 Rb4 65. Kg7 Rbb6 66. Rc5 Rbg6+ 67. Kf7 Rc6 68. Ra5 Rh7+ 69. Kg8 Rcc7 70.
Bf6 Ra7 71. Rg5 Rhc7 72. Rxh5+ Kg2 73. Rd5 Rc8+ 74. Bd8 Raa8 75. Kf7 Rxd8 76.
Rb5 Kxg3 77. Rb3+ Kf4 78. Rb4+ Ke5 79. Rb5+ Rd5 80. Rb7 Ra6 81. Kg7 Kf5 82. Kf7
Rda5 83. Rb1 Ra7+ 84. Ke8 Rh7 85. Re1 Ra8# 0-1

[Event "BL 1920 SC Viernheim - Aachener SV"]
[Site "?"]
[Date "2021.10.16"]
[Round "13.6"]
[White "Heinemann, Josefine"]
[Black "Lemmers, Oscar"]
[Result "1/2-1/2"]
[WhiteElo "2326"]
[BlackElo "2356"]
[PlyCount "46"]
[EventDate "2021.??.??"]

1. e4 c5 2. Nf3 e6 3. d4 cxd4 4. Nxd4 a6 5. c4 Bc5 6. Nc3 Ne7 7. Be3 d6 8. Qd2
O-O 9. Be2 e5 10. Nc2 Nbc6 11. Rd1 Be6 12. O-O Qc7 13. Nd5 Bxd5 14. exd5 Bxe3
15. Qxe3 Nf5 16. Qh3 Ncd4 17. Bd3 g6 18. Ne3 Ng7 19. f4 f6 20. fxe5 fxe5 21.
Qh6 Qe7 22. Rxf8+ Rxf8 23. Rf1 e4 1/2-1/2

[Event "BL 1920 SC Viernheim - Aachener SV"]
[Site "?"]
[Date "2021.10.16"]
[Round "13.7"]
[White "Meessen, Rudolf"]
[Black "Lanka, Zigurds"]
[Result "0-1"]
[WhiteElo "2228"]
[BlackElo "2386"]
[PlyCount "110"]
[EventDate "2021.??.??"]

1. d4 Nf6 2. Nc3 d5 3. Bf4 c6 4. e3 g6 5. h4 Qb6 6. a3 Nbd7 7. Be2 Bg7 8. b4 h6
9. Nf3 a5 10. Rb1 axb4 11. axb4 Qd8 12. Bd3 Nh7 13. Qd2 Nhf8 14. O-O Ne6 15.
Bg3 O-O 16. Ra1 Rxa1 17. Rxa1 f5 18. Bf4 Qe8 19. Ne2 Nf6 20. c4 Ne4 21. Qa2
Nxf4 22. exf4 Be6 23. c5 Bf6 24. Ng3 Qf7 25. Qa7 Bc8 26. Ne5 Qg7 27. Qb8 Bxh4
28. Bxe4 fxe4 29. Ra3 Qf6 30. Ne2 g5 31. g3 gxf4 32. Nxf4 Bg5 33. Qc7 Kh7 34.
Neg6 Rg8 35. Ra8 Qf5 36. Nxe7 Bxf4 37. Nxf5+ Bxc7 38. Ne7 Re8 39. Nxc8 e3 40.
fxe3 Bxg3 41. Kg2 Bc7 42. Kf3 h5 43. Nb6 Rxa8 44. Nxa8 Bd8 45. e4 dxe4+ 46.
Kxe4 Kh8 47. d5 cxd5+ 48. Kf4 h4 49. b5 h3 50. Kg3 d4 51. c6 bxc6 52. b6 Be7
53. Nc7 Bd6+ 54. Kxh3 d3 55. Ne8 Be5 0-1

[Event "BL 1920 SC Viernheim - Aachener SV"]
[Site "?"]
[Date "2021.10.16"]
[Round "13.8"]
[White "Muetsch, Annmarie"]
[Black "Lamby, Philipp"]
[Result "1/2-1/2"]
[WhiteElo "2282"]
[BlackElo "2171"]
[PlyCount "145"]
[EventDate "2021.??.??"]

1. e4 e5 2. Nf3 Nc6 3. Bc4 Bc5 4. c3 Nf6 5. d4 exd4 6. e5 d5 7. Bb5 Ne4 8. cxd4
Bb6 9. Nc3 O-O 10. Be3 f5 11. Qa4 f4 12. Bc1 Ne7 13. O-O Bg4 14. Be2 Nf5 15.
Bxf4 Bxf3 16. Bxf3 Nxd4 17. Bxe4 Rxf4 18. Rad1 dxe4 19. Qc4+ Rf7 20. e6 Re7 21.
Nd5 Rxe6 22. Rxd4 Bxd4 23. Nxc7 Qc8 24. Rc1 Bxb2 25. Rc2 Be5 26. Nxe6 Qxc4 27.
Rxc4 Re8 28. Ng5 e3 29. fxe3 Bf6 30. Ne4 Be5 31. Ng5 h6 32. Nf3 Bd6 33. Kf2 Kf7
34. e4 Ke6 35. Ke3 a6 36. g3 Kd7 37. Kd4 Rc8 38. Rxc8 Kxc8 39. Kd5 Kd7 40. Nh4
Bf8 41. e5 h5 42. Ng6 Ba3 43. h4 a5 44. Nf4 a4 45. Nxh5 Bf8 46. Nf4 b5 47. Ne6
Be7 48. Nc5+ Kc7 49. h5 Kb6 50. Ne4 b4 51. Kc4 Kc6 52. g4 b3 53. axb3 axb3 54.
Nc3 b2 55. Kd4 Kd7 56. Kd5 Bg5 57. Nb1 Ke7 58. Na3 Bh4 59. e6 Bg3 60. g5 Bf4
61. h6 gxh6 62. gxh6 Bxh6 63. Kc4 Kxe6 64. Kb3 Bg7 65. Kc4 Ke5 66. Kd3 Kd5 67.
Kc2 Kc5 68. Kb1 Kb4 69. Nc2+ Kc3 70. Ne3 Kd3 71. Nd1 Kd2 72. Nxb2 Bxb2 73. Kxb2
1/2-1/2

[Event "BL 1920 OSG Baden-Baden - Schachfreunde"]
[Site "?"]
[Date "2021.10.16"]
[Round "13.1"]
[White "Kamsky, Gata"]
[Black "Vachier-Lagrave, Maxime"]
[Result "1/2-1/2"]
[WhiteElo "2662"]
[BlackElo "2763"]
[PlyCount "45"]
[EventDate "2021.??.??"]

1. e4 c5 2. Nf3 d6 3. Nc3 Nf6 4. Bc4 Nc6 5. d3 e6 6. O-O Be7 7. a3 O-O 8. Ba2
Rb8 9. Ne2 b5 10. Ng3 a5 11. c3 b4 12. d4 d5 13. exd5 Nxd5 14. c4 Nf6 15. d5
exd5 16. cxd5 Nd4 17. axb4 Rxb4 18. Bd2 Nxf3+ 19. Qxf3 Rd4 20. Bxa5 Qxa5 21. d6
Qd8 22. dxe7 Qxe7 23. Rfe1 1/2-1/2

[Event "BL 1920 OSG Baden-Baden - Schachfreunde"]
[Site "?"]
[Date "2021.10.16"]
[Round "13.3"]
[White "Meier, Georg"]
[Black "Wojtaszek, Radoslaw"]
[Result "1/2-1/2"]
[WhiteElo "2628"]
[BlackElo "2691"]
[PlyCount "41"]
[EventDate "2021.??.??"]

1. Nf3 Nf6 2. g3 c5 3. c4 d5 4. cxd5 Nxd5 5. Nc3 Nc6 6. Bg2 Nxc3 7. bxc3 e5 8.
O-O Be7 9. Bb2 O-O 10. d4 e4 11. Nd2 f5 12. e3 Be6 13. Qe2 Rc8 14. Rfd1 Na5 15.
c4 cxd4 16. Bxd4 Qc7 17. Rac1 b6 18. g4 fxg4 19. c5 bxc5 20. Nxe4 Qb6 21. Rb1
1/2-1/2

[Event "BL 1920 OSG Baden-Baden - Schachfreunde"]
[Site "?"]
[Date "2021.10.16"]
[Round "13.4"]
[White "Rapport, Richard"]
[Black "Krasenkow, Michal"]
[Result "1/2-1/2"]
[WhiteElo "2770"]
[BlackElo "2578"]
[PlyCount "79"]
[EventDate "2021.??.??"]

1. d4 Nf6 2. c4 g6 3. Nc3 d5 4. Nf3 Bg7 5. Qb3 dxc4 6. Qxc4 O-O 7. e4 Na6 8.
Be2 c5 9. d5 e6 10. O-O exd5 11. exd5 Re8 12. h3 Nb4 13. Bg5 Nbxd5 14. Rad1
Nxc3 15. Rxd8 Nxe2+ 16. Qxe2 Rxd8 17. Qe7 Be6 18. Qxb7 h6 19. Be3 Bxa2 20. Qa6
Bd5 21. Bxc5 Bxf3 22. gxf3 Nd7 23. Be7 Re8 24. Ba3 Ne5 25. Kg2 Red8 26. f4 Nd3
27. Bd6 Nxb2 28. Rc1 Na4 29. Bc7 Rd4 30. f5 gxf5 31. Kh2 Re8 32. Rg1 Re6 33.
Qb5 Rde4 34. Qxf5 Nc3 35. Rg2 Ne2 36. f3 Re3 37. h4 Rg6 38. Rxg6 fxg6 39. Qd5+
Kh7 40. h5 1/2-1/2

[Event "BL 1920 OSG Baden-Baden - Schachfreunde"]
[Site "?"]
[Date "2021.10.16"]
[Round "13.5"]
[White "Bluebaum, Matthias"]
[Black "Adams, Michael"]
[Result "1/2-1/2"]
[WhiteElo "2640"]
[BlackElo "2716"]
[PlyCount "51"]
[EventDate "2021.??.??"]

1. d4 Nf6 2. c4 e6 3. Nc3 d5 4. cxd5 exd5 5. Bg5 c6 6. e3 Be7 7. Bd3 Nbd7 8. h3
O-O 9. Qc2 Re8 10. Nf3 Nf8 11. O-O g6 12. Bh6 Ne6 13. Ne5 Ng7 14. g4 Nd7 15. f4
Nxe5 16. dxe5 Bc5 17. Rf3 Ne6 18. f5 Ng5 19. Bxg5 Qxg5 20. Nxd5 Rxe5 21. Qxc5
Rxd5 22. Qc3 Bxf5 23. e4 Rxd3 24. Qxd3 Be6 25. Rd1 h5 26. Qd2 1/2-1/2

[Event "BL 1920 OSG Baden-Baden - Schachfreunde"]
[Site "?"]
[Date "2021.10.16"]
[Round "13.6"]
[White "Bacrot, Etienne"]
[Black "Donchenko, Alexander"]
[Result "1/2-1/2"]
[WhiteElo "2658"]
[BlackElo "2648"]
[PlyCount "61"]
[EventDate "2021.??.??"]

1. e4 c5 2. Nf3 d6 3. Bb5+ Nd7 4. c4 Ngf6 5. Nc3 g6 6. O-O Bg7 7. d4 cxd4 8.
Nxd4 O-O 9. Bxd7 Bxd7 10. Qd3 Ng4 11. Nf3 Rc8 12. h3 Ne5 13. Nxe5 Bxe5 14. Be3
Be6 15. b3 Qa5 16. Rac1 Bxc3 17. Qxc3 Qxc3 18. Rxc3 b5 19. c5 dxc5 20. Rxc5 a6
21. Rfc1 Rxc5 22. Rxc5 Rc8 23. Kf1 Rxc5 24. Bxc5 Kf8 25. Ke2 a5 26. Kd3 a4 27.
bxa4 bxa4 28. a3 f6 29. h4 h5 30. f3 Kf7 31. Ke3 1/2-1/2

[Event "BL 1920 OSG Baden-Baden - Schachfreunde"]
[Site "?"]
[Date "2021.10.16"]
[Round "13.7"]
[White "Kollars, Dmitrij"]
[Black "Kasimdzhanov, Rustam"]
[Result "1/2-1/2"]
[WhiteElo "2621"]
[BlackElo "2661"]
[PlyCount "42"]
[EventDate "2021.??.??"]

1. e4 e6 2. d4 d5 3. Nd2 c5 4. Ngf3 cxd4 5. Nxd4 Nf6 6. exd5 Nxd5 7. Bd3 Bd7 8.
O-O Nc6 9. N2f3 Nxd4 10. Nxd4 Bc5 11. Be4 O-O 12. Nb3 Bd6 13. Qd3 Kh8 14. c4
Nf6 15. Qxd6 Nxe4 16. Qe5 Bc6 17. Nd4 Qd7 18. Be3 Nd6 19. b3 Nf5 20. Nxc6 Qxc6
21. Rad1 b6 1/2-1/2

[Event "BL 1920 OSG Baden-Baden - Schachfreunde"]
[Site "?"]
[Date "2021.10.16"]
[Round "13.8"]
[White "Movsesian, Sergei"]
[Black "Dautov, Rustem"]
[Result "1/2-1/2"]
[WhiteElo "2627"]
[BlackElo "2595"]
[PlyCount "98"]
[EventDate "2021.??.??"]

1. e4 c6 2. d4 d5 3. e5 Bf5 4. Nd2 e6 5. Nb3 Nd7 6. Nf3 Ne7 7. Be2 Nc8 8. O-O
Be7 9. a4 O-O 10. a5 a6 11. Be3 Na7 12. c4 dxc4 13. Nbd2 Nb5 14. Nxc4 Nc7 15.
Bd3 Nd5 16. Bxf5 exf5 17. Qb3 Rb8 18. Bd2 g6 19. Ne3 Nc7 20. Bb4 Bxb4 21. Qxb4
Re8 22. Nc4 Nb5 23. Rad1 Nf8 24. d5 cxd5 25. Nd6 Nxd6 26. Rxd5 Nb5 27. Rxd8
Rbxd8 28. h4 h5 29. Qb3 Ne6 30. Rd1 Rxd1+ 31. Qxd1 Rd8 32. Qc1 Kg7 33. Kh2 Nbd4
34. Nxd4 Nxd4 35. Qg5 Rd7 36. Qc1 Ne6 37. Qc8 Rc7 38. Qb8 Rd7 39. b4 Rc7 40.
Qa7 Kh7 41. g3 Kg7 42. Kg2 Kh7 43. Kf3 Kg7 44. Ke3 Kh7 45. Kd3 Kg7 46. Qb8 Kh7
47. Qe8 Kg7 48. Qb8 Kh7 49. Qa7 Kg7 1/2-1/2

[Event "BL 1920 SG Speyer-Schwegenheim - SV Hoc"]
[Site "?"]
[Date "2021.10.16"]
[Round "13.1"]
[White "Inarkiev, Ernesto"]
[Black "Oleksiyenko, Mykhaylo"]
[Result "1/2-1/2"]
[WhiteElo "2668"]
[BlackElo "2586"]
[PlyCount "81"]
[EventDate "2021.??.??"]

1. c4 c6 2. d4 d5 3. Nf3 Nf6 4. e3 Bf5 5. Nc3 e6 6. Nh4 Bg6 7. Nxg6 hxg6 8. g3
Nbd7 9. Qd3 Bd6 10. Bg2 O-O 11. O-O Re8 12. Rd1 Qe7 13. f4 Bb4 14. Bd2 Nb6 15.
c5 Nbd7 16. Nb1 Bxd2 17. Nxd2 a5 18. Rac1 Reb8 19. Rc2 b6 20. cxb6 Rxb6 21.
Rdc1 Qd6 22. e4 dxe4 23. Nxe4 Nxe4 24. Qxe4 Rd8 25. Rxc6 Rxc6 26. Rxc6 Qb4 27.
d5 Qxe4 28. Bxe4 Nf6 29. Bf3 Nxd5 30. Ra6 Rc8 31. Bxd5 exd5 32. Rxa5 Rc1+ 33.
Kf2 Rc2+ 34. Ke3 Rxb2 35. a3 Rxh2 36. Rxd5 Rg2 37. Kf3 Ra2 38. Rd3 f5 39. Ke3
Kh7 40. Kd4 Kh6 41. Ke3 1/2-1/2